000 00616cam a22002291 4500
001 sa 68006640
003 DLC
005 20260227112517.0
008 800129s1965 ii 000 1 tam
010 _asa 68006640
035 _a(OCoLC)21527720
040 _aDLC
_cNN
_dOCoLC
_dDLC
042 _apremarc
050 0 0 _aPL4758.9.M27
_bO7
100 1 _aManisekaran, Kovi,
_d1926-
245 1 0 _aOru Koṭiyil iru malarkaḷ.
_b[1. patippu]
260 _aCen̲n̲ai,
_bKan̲ēca Nilaiyam
_c[1965]
300 _a155 p.
_c18 cm.
500 _aIn Tamil.
500 _aShort stories.
650 0 _aShort stories, Tamil.
999 _c81412
_d81412